El galeón de los gatos piratas /
¿Nunca han oído hablar del terrible Pirata Negro? ¿Nooo? ¡Qué afortunados! Es el terror de todos los mares, la peor pesadilla de cualquier ratón. ¡Díganme si no es mala suerte la mía! ¡Díganme por qué tenía que pasarme a mí! ¿Por qué tenían que hacerme prisionero en su nave?
Guardado en:
| Autor Principal: | |
|---|---|
| Otros Autores: | , |
| Formato: | Libro |
| Idioma: | Undetermined |
| Publicado: |
Buenos Aires :
Destino,
2004.
|
| Edición: | 1a ed. |
| Series: | Geronimo Stilton ;
7 |
| Materias: | |
| Etiquetas: |
Agregar Etiqueta
Sin Etiquetas, Sea el primero en etiquetar este registro!
|
| LEADER | 01315nam a22002655a 4500 | ||
|---|---|---|---|
| 001 | CEM.cems020869 | ||
| 008 | 240305s2004####ag############000#0#und#d | ||
| 005 | 20240306164148.0 | ||
| 245 | 1 | 0 | |a El galeón de los gatos piratas / |c Geronimo Stilton ; ilustrado por Matt Wolf ; traducido por Manuel Manzano. |
| 250 | |a 1a ed. | ||
| 260 | |a Buenos Aires : |b Destino, |c 2004. | ||
| 300 | |a 128 p. | ||
| 490 | 1 | |a Geronimo Stilton ; |v 7 | |
| 500 | |a Geronimo Stilton es el nombre del escritor ficticio con el que firma la escritora italiana Elisabetta Dami. | ||
| 500 | |a Título original: Il galeone dei Gatti Pirati. | ||
| 520 | |a ¿Nunca han oído hablar del terrible Pirata Negro? ¿Nooo? ¡Qué afortunados! Es el terror de todos los mares, la peor pesadilla de cualquier ratón. ¡Díganme si no es mala suerte la mía! ¡Díganme por qué tenía que pasarme a mí! ¿Por qué tenían que hacerme prisionero en su nave? | ||
| 020 | |a 9507320636 | ||
| 100 | 1 | |a Stilton, Geronimo |j Dami, Elisabetta. | |
| 700 | 1 | |a Wolf, Matt; il. | |
| 700 | 1 | |a Manzano, Manuel; trad. | |
| 653 | |a Literatura infantil | ||
| 653 | |a Novela infantil | ||
| 653 | |a Literatura italiana | ||
| 859 | |a CEMS |b BIB. CEMS - Inicial y Primaria |h 853.9 |i St548-5 |k IP |p 3029 |t Ej. 1 | ||
| 859 | |a CEMS |b BIB. CEMS - Inicial y Primaria |h 853.9 |i St548-5 |k IP |p 6163 |t Ej.2 | ||
